000 00440nam a2200181Ia 4500
001 22225
005 20260414150817.0
008 260414t2013||||xx |||||||||||||| ||spa||
041 _aESP
082 _a621.04
_bC32 V. 2
100 _aCastaño G., Rubén
_eAUT
245 0 _aProblemas de tecnología industrial
_b
260 _c2013
300 _a215 páginas :
_c30 cm.
650 _aTCA
654 _aCET
942 _cLIB
_dJUS
_fJUS
_2ddc
_n
999 _c22225
_d22225